Повышение качества измерений массовой концентрации ртути в воде; Экология и промышленность России; № 9

Détails bibliographiques
Parent link:Экология и промышленность России: ежемесячный общественный научно-технический журнал.— , 2001-
№ 9.— 2004.— С. 34-37
Auteur principal: Рыжова Е. В.
Autres auteurs: Рыжов В. В., Мухутдинов А. А.
Langue:russe
Publié: 2004
Collection:Анализ. Методики. Прогнозы
Sujets:
Format: MixedMaterials Chapitre de livre
KOHA link:https://koha.lib.tpu.ru/cgi-bin/koha/opac-detail.pl?biblionumber=394131

MARC

LEADER 00000naa2a2200000 4500
001 394131
005 20231101064452.0
035 |a (RuTPU)RU\TPU\prd\30674 
090 |a 394131 
100 |a 20041206a2004 k y0rusy50 ca 
101 0 |a rus 
102 |a RU 
200 1 |a Повышение качества измерений массовой концентрации ртути в воде  |f Е. В. Рыжова, В. В. Рыжов, А. А. Мухутдинов 
225 1 |a Анализ. Методики. Прогнозы 
320 |a Библиогр.: 3 назв. 
461 1 |0 (RuTPU)RU\TPU\prd\1141  |t Экология и промышленность России  |o ежемесячный общественный научно-технический журнал  |d 2001- 
463 1 |0 (RuTPU)RU\TPU\prd\29243  |t № 9  |v С. 34-37  |d 2004 
610 1 |a измерения 
610 1 |a качество измерений 
610 1 |a ртуть 
610 1 |a вода 
610 1 |a концентрация ртути 
610 1 |a точность измерений 
610 1 |a питьевая вода 
700 1 |a Рыжова  |b Е. В. 
701 1 |a Рыжов  |b В. В. 
701 1 |a Мухутдинов  |b А. А. 
801 1 |a RU  |b 63413507  |c 20041206  |g PSBO 
942 |c BK